[Event "28. Offene Internationale Bayerische Schachmeisterschaft"]
[Site "Gmund am Tegernsee"]
[Date "2025.11.03"]
[Round "3"]
[Board "7"]
[White "Sasikiran, Krishnan"]
[Black "Jacobson, Aaron"]
[Result "1/2-1/2"]
[WhiteElo "2535"]
[BlackElo "2370"]
[PlyCount "0"]
[EventDate "2025.11.01"]
[EventRounds "9"]
[EventCountry "GER"]

1. Nf3 d5 2. g3 Nf6 3. Bg2 e6 4. O-O Be7 5. d3 O-O 6. Nc3 d4 7. Ne4 c5 8. Nxf6+ Bxf6
9. e4 Nc6 10. a4 e5 11. Nd2 Qc7 12. f4 exf4 13. gxf4 Be7 14. f5 Bg5 15. Nf3 Bxc1
16. Qxc1 Ne5 17. f6 gxf6 18. Nxe5 Qxe5 19. Qh6 Be6 20. Rf4 Qg5 21. Rxf6 Qxh6 22.
Rxh6 Rac8 23. b3 Kg7 24. Rh4 b6 25. Rf1 f6 26. Rf3 Rc7 27. Bh3 Bxh3 28. Rhxh3 Kg8
29. Kf2 Rg7 30. Rf4 Kf7 31. Rfh4 Kg8 32. Rh5 Rff7 33. Rg3 Rxg3 34. hxg3 Re7 35. Kf3
Rg7 36. Kf4 Kf7 37. a5 Ke6 38. g4 Rc7 39. Rh6 Rg7 40. Rh5 Rc7 41. a6 Rg7 42. Rh4
Ke7 43. Rh6 Kf7 44. Rh2 Ke7 45. Rh5 Ke6 46. Rh6 Kf7 47. e5 fxe5+ 48. Kxe5 Ke7 49.
Rh5 Kd7 50. Kd5 Kc7 51. b4 cxb4 52. Kc4 Rxg4 53. Rxh7+ Kb8 54. Rb7+ Ka8 55. Kxb4
Rg2 56. Rd7 Kb8 57. Kb3 Rg4 58. Rb7+ Ka8 59. Rc7 Kb8 60. Rc4 Rh4 61. c3 Rg4 62. Ra4
Kc7 63. Rc4+ Kb8 64. Rb4 Kc7 65. Rc4+  1/2-1/2

[Event "28. Offene Internationale Bayerische Schachmeisterschaft"]
[Site "Gmund am Tegernsee"]
[Date "2025.11.03"]
[Round "3"]
[Board "8"]
[White "Kueppers, Timo"]
[Black "Hardaway, Brewington"]
[Result "0-1"]
[WhiteElo "2327"]
[BlackElo "2522"]
[PlyCount "0"]
[EventDate "2025.11.01"]
[EventRounds "9"]
[EventCountry "GER"]

1. c4 e6 2. g3 d5 3. Bg2 Nf6 4. Nf3 d4 5. O-O Nc6 6. d3 Bc5 7. Nbd2 Be7 8. Nb3 O-O
9. e3 dxe3 10. Bxe3 Ng4 11. Bc5 Rb8 12. h3 Bxc5 13. Nxc5 Nge5 14. Nxe5 Nxe5 15. Qe2
Qd6 16. Nb3 c5 17. Rad1 Nc6 18. Qe3 Nd4 19. Nxd4 cxd4 20. Qg5 b6 21. f4 f6 22. Qh5
Qc5 23. Qe2 Bd7 24. Rb1 a5 25. Qd2 Bc6 26. b4 axb4 27. Rxb4 Bxg2 28. Kxg2 e5 29.
Rb5 Qc6+ 30. Kg1 Rbe8 31. fxe5 fxe5 32. Rxf8+ Rxf8 33. Qg2 Qg6 34. Rb3 Qg5 35. Rb2
Qe3+ 36. Kh1 Qxd3 37. Qd5+ Kh8 38. Qxe5 Qxc4 39. Kh2 Qc3 40. Re2 h6 41. h4 Qd3 42.
Rb2 Rf6 43. Re2 Kh7 44. Kh3 Qf3 45. Qe4+ Qxe4 46. Rxe4 Rd6 47. Re2 h5 48. g4 d3 49.
Rd2 Kg6  0-1

[Event "28. Offene Internationale Bayerische Schachmeisterschaft"]
[Site "Gmund am Tegernsee"]
[Date "2025.11.03"]
[Round "3"]
[Board "9"]
[White "Vrolijk, Liam"]
[Black "Nurman, Alua"]
[Result "1/2-1/2"]
[WhiteElo "2521"]
[BlackElo "2344"]
[PlyCount "0"]
[EventDate "2025.11.01"]
[EventRounds "9"]
[EventCountry "GER"]

1. g3 Nf6 2. Bg2 g6 3. d4 Bg7 4. e4 d6 5. Ne2 O-O 6. O-O e5 7. Nbc3 Re8 8. h3 exd4
9. Nxd4 Nc6 10. Nxc6 bxc6 11. Bg5 h6 12. Be3 Bd7 13. Qd2 Kh7 14. Rad1 Qc8 15. Kh2
c5 16. b3 Bc6 17. Qd3 Qb7 18. f3 Rad8 19. Bf2 Kg8 20. a3 Nd7 21. Rfe1 a5 22. a4 Ne5
23. Qd2 Qb4 24. Re3 Rb8 25. f4 Nd7 26. e5 Bxg2 27. Kxg2 Nf8 28. Nb5 Qxd2 29. Rxd2
dxe5 30. Nxc7 Rec8 31. Nd5 exf4 32. gxf4 Kh8 33. Re7 c4 34. Nb6 cxb3 35. cxb3 Rc6
36. Nc4 Kg8 37. Nxa5 Ra6 38. Ra7 Rxa5 39. Rxa5 Bc3 40. Rdd5 Bxa5 41. Rxa5 Rxb3 42.
Ra8 Kg7 43. Bd4+ f6 44. Ra7+ Kg8 45. Bxf6 Ne6 46. Be5 Rb4 47. Kf3 Rb3+ 48. Kg4 Re3
49. Ra8+ Kf7 50. Ra7+ Kg8 51. Ra5 Kf7 52. Rb5 h5+ 53. Kh4 g5+ 54. Kxh5 gxf4 55. Kg4
f3 56. Bg3 Ra3 57. Ra5 Nd4 58. Bf2 Nc6 59. Ra6 Nb4 60. Ra7+ Ke6 61. h4 Nd3 62. Ra6+
Kd5 63. Kg3 Nxf2 64. Kxf2 Ke4 65. Kg3 Ra2 66. Re6+ Kf5 67. Re3 Rxa4 68. Rxf3+ Kg6
69. Rf4 Rxf4 70. Kxf4 Kh5 71. Kf3 Kxh4 72. Ke4  1/2-1/2

[Event "28. Offene Internationale Bayerische Schachmeisterschaft"]
[Site "Gmund am Tegernsee"]
[Date "2025.11.03"]
[Round "3"]
[Board "10"]
[White "Nithin, Babu"]
[Black "Ghazarian, Kirk"]
[Result "1/2-1/2"]
[WhiteElo "2310"]
[BlackElo "2520"]
[PlyCount "0"]
[EventDate "2025.11.01"]
[EventRounds "9"]
[EventCountry "GER"]

1. e4 e6 2. d4 d5 3. Nc3 Nf6 4. Bg5 dxe4 5. Nxe4 Bd7 6. Nf3 Bc6 7. Bd3 Be7 8. Ned2
O-O 9. Qe2 Nd5 10. Qe4 g6 11. Qh4 Nd7 12. c4 Bxg5 13. Nxg5 N5f6 14. O-O-O Kg7 15.
Rhe1 h6 16. Ngf3 Nh5 17. Qxd8 Raxd8 18. Be4 Bxe4 19. Nxe4 Nhf6 20. Nc3 c6 21. Kc2
Nb6 22. Ne5 Nc8 23. a4 Ne7 24. g4 a5 25. f3 g5 26. Ne2 h5 27. h3 Rh8 28. Rh1 Nd7
29. Nd3 Ng6 30. Kc3 b5 31. axb5 cxb5 32. c5 Nf6 33. b4 Nd5+ 34. Kb3 axb4 35. Nxb4
Nxb4 36. Kxb4 Ra8 37. Kxb5 Ra4 38. Nc3 Rha8 39. Kb6 R8a6+ 40. Kb5 R6a5+ 41. Kb6 Ra6+
42. Kb5 R6a5+  1/2-1/2

[Event "28. Offene Internationale Bayerische Schachmeisterschaft"]
[Site "Gmund am Tegernsee"]
[Date "2025.11.03"]
[Round "3"]
[Board "11"]
[White "Gholami Orimi, Mahdi"]
[Black "Nitin, S."]
[Result "1-0"]
[WhiteElo "2513"]
[BlackElo "2337"]
[PlyCount "0"]
[EventDate "2025.11.01"]
[EventRounds "9"]
[EventCountry "GER"]

1. d4 Nf6 2. c4 e6 3. Nc3 Bb4 4. e3 Nc6 5. Bd2 O-O 6. Bd3 e5 7. d5 Ne7 8. a3 Bxc3
9. Bxc3 d6 10. Ne2 c6 11. dxc6 bxc6 12. Ng3 Be6 13. O-O a5 14. Qd2 Nd7 15. Rfd1 f5
16. Bf1 Nc8 17. b4 axb4 18. axb4 Rxa1 19. Bxa1 Qc7 20. c5 dxc5 21. bxc5 Nxc5 22.
Qc3 Nd7 23. Bc4 Bxc4 24. Qxc4+ Kh8 25. Nxf5 Nf6 26. h3 Ne7 27. Qc5 Ng6 28. Nh4 Re8
29. Nxg6+ hxg6 30. Qd6 Qxd6 31. Rxd6 c5 32. Rc6 Nd7 33. Rc7 Ra8 34. Bb2 Ra2 35. Rxd7
Rxb2 36. Rd5 c4 37. Rc5 Rc2 38. Rxe5 Kg8 39. Re7 g5 40. Rc7 Kh7 41. Rc6 c3 42. g3
Kg8 43. Kg2 Kf7 44. Kf3 g6 45. e4 Rc1 46. Kg4  1-0

[Event "28. Offene Internationale Bayerische Schachmeisterschaft"]
[Site "Gmund am Tegernsee"]
[Date "2025.11.03"]
[Round "3"]
[Board "12"]
[White "Dehlinger, Alexander"]
[Black "Chasin, Nico"]
[Result "0-1"]
[WhiteElo "2298"]
[BlackElo "2512"]
[PlyCount "0"]
[EventDate "2025.11.01"]
[EventRounds "9"]
[EventCountry "GER"]

1. Nf3 d5 2. d4 Nf6 3. c4 e6 4. g3 Bb4+ 5. Bd2 Be7 6. Bg2 O-O 7. O-O c6 8. Qc2 Nbd7
9. Bf4 a5 10. Rd1 a4 11. Ne5 Qa5 12. Nxd7 Bxd7 13. c5 Nh5 14. Bd2 Qa7 15. Bf3 Nf6
16. Nc3 b6 17. cxb6 Qxb6 18. Be3 Qa7 19. Rac1 Rfc8 20. b3 Ba3 21. Ra1 c5 22. Qd2
c4 23. bxa4 Bxa4 24. Rdb1 Bc6 25. Qc2 Ne8 26. h4 Nd6 27. h5 Nf5 28. Qd2 h6 29. g4
Nxe3 30. Qxe3 Rab8 31. Qd2 Qa5 32. Qc2 Bb4 33. Rc1 Qa3 34. e3 Ba5 35. Nb1 Qd6 36.
Nc3 Rb7 37. a4 f5 38. gxf5 Rf8 39. Nb5 Qd8 40. e4 Rbf7 41. Bg2 dxe4 42. fxe6 Rxf2
43. e7 Qxe7 44. Qxc4+ Kh7 45. Qxc6 Rxg2+ 46. Kxg2 Qg5+ 47. Kh1 Qxh5+ 48. Kg1 Qg4+
49. Kh1 Rf2  0-1

[Event "28. Offene Internationale Bayerische Schachmeisterschaft"]
[Site "Gmund am Tegernsee"]
[Date "2025.11.03"]
[Round "3"]
[Board "13"]
[White "Gokerkan, Cem Kaan"]
[Black "Forchert, Martin"]
[Result "1-0"]
[WhiteElo "2502"]
[BlackElo "2336"]
[PlyCount "0"]
[EventDate "2025.11.01"]
[EventRounds "9"]
[EventCountry "GER"]

1. e4 c5 2. Nf3 e6 3. d4 cxd4 4. Nxd4 a6 5. Bd3 Bc5 6. Nb3 Ba7 7. Qf3 Ne7 8. Nc3
Nbc6 9. Qg3 O-O 10. Bf4 Ng6 11. Bd6 Bb8 12. Bxb8 Rxb8 13. f4 b5 14. e5 f5 15. exf6
Qxf6 16. Bxg6 hxg6 17. O-O d5 18. Rae1 b4 19. Na4 a5 20. Nac5 Ra8 21. Nd3 Ba6 22.
Nbc5 Bxd3 23. Nxd3 Rac8 24. Rf2 Qf5 25. Qe3 a4 26. Qxe6+ Qxe6 27. Rxe6 Nd4 28. Rxg6
Nxc2 29. Rd6 d4 30. h3 a3 31. bxa3 bxa3 32. Rf3 Rc3 33. f5 Re8 34. Re6 Kf8 35. Rd6
Re3 36. Rxe3 dxe3 37. Kf1 Ke7 38. Rd5  1-0

[Event "28. Offene Internationale Bayerische Schachmeisterschaft"]
[Site "Gmund am Tegernsee"]
[Date "2025.11.03"]
[Round "3"]
[Board "14"]
[White "Seifert, Volker"]
[Black "Celik, Hasan Huseyin"]
[Result "0-1"]
[WhiteElo "2296"]
[BlackElo "2494"]
[PlyCount "0"]
[EventDate "2025.11.01"]
[EventRounds "9"]
[EventCountry "GER"]

1. d4 Nf6 2. c4 g6 3. Nc3 Bg7 4. e4 d6 5. Be2 O-O 6. Bg5 c5 7. dxc5 Qa5 8. Bd2 Qxc5
9. Nf3 Bg4 10. Rc1 Nc6 11. b3 a6 12. O-O Bxf3 13. Bxf3 Nd7 14. Na4 Qa7 15. b4 a5
16. b5 Nd4 17. Be3 Nc5 18. b6 Qa6 19. Bxd4 Bxd4 20. Qxd4 Nxa4 21. Rb1 Rac8 22. e5
Rxc4 23. Bxb7 Rxd4 24. Bxa6 Rb8 25. b7 Nc5 26. Rb6 dxe5 27. Rc6 Nxa6 28. Rxa6 Rxb7
29. Rxa5 f6 30. h3 Rd2 31. g4 Kf7 32. g5 e4 33. gxf6 exf6 34. Rc1 f5 35. h4 Kg7 36.
h5 Kh6 37. hxg6 hxg6 38. Ra6 Kh5 39. Rc3 Rb1+ 40. Kg2 Rbb2 41. Rh3+ Kg5 42. Rg3+
Kf4  0-1

[Event "28. Offene Internationale Bayerische Schachmeisterschaft"]
[Site "Gmund am Tegernsee"]
[Date "2025.11.03"]
[Round "3"]
[Board "15"]
[White "Felix, Raphael"]
[Black "Chanda, Sandipan"]
[Result "1/2-1/2"]
[WhiteElo "2290"]
[BlackElo "2483"]
[PlyCount "0"]
[EventDate "2025.11.01"]
[EventRounds "9"]
[EventCountry "GER"]

1. e4 e6 2. d4 d5 3. e5 c5 4. c3 Nc6 5. Nf3 Bd7 6. Be2 Nge7 7. O-O Ng6 8. Be3 Be7
9. Nbd2 O-O 10. a4 f6 11. exf6 Bxf6 12. dxc5 Qc7 13. Re1 Kh8 14. Nb3 Nce7 15. Nbd4
a6 16. Ng5 Bxg5 17. Bxg5 e5 18. Nb3 Bc6 19. Nd2 Nf5 20. Bh5 Be8 21. Nf3 e4 22. Nd4
Nxd4 23. Qxd4 Rf5 24. Bxg6 Bxg6 25. Bh4 h5 26. c4 dxc4 27. Rxe4 Qxc5 28. Qxc4 Rc8
29. Qxc5 Rfxc5 30. Ree1 Rc2 31. b4 R8c4 32. Be7 Re4 33. Rxe4 Bxe4 34. a5 Rb2 35.
h3 Rb1+ 36. Rxb1 Bxb1  1/2-1/2

[Event "28. Offene Internationale Bayerische Schachmeisterschaft"]
[Site "Gmund am Tegernsee"]
[Date "2025.11.03"]
[Round "3"]
[Board "16"]
[White "Loew, Gerald"]
[Black "Naumann, Alexander"]
[Result "0-1"]
[WhiteElo "2180"]
[BlackElo "2473"]
[PlyCount "0"]
[EventDate "2025.11.01"]
[EventRounds "9"]
[EventCountry "GER"]

1. c4 e5 2. Nc3 Bb4 3. Qc2 Nf6 4. Nf3 Bxc3 5. Qxc3 e4 6. Qe5+ Qe7 7. Qxe7+ Kxe7 8.
Nd4 d5 9. b3 c5 10. Ba3 b6 11. cxd5 Nxd5 12. f3 e3 13. dxe3 Nxe3 14. Kf2 Nxf1 15.
Rhxf1 Bd7 16. e4 a5 17. Rfe1 Rd8 18. Rad1 Na6 19. Nc2 Nb4 20. Ne3 Be6 21. Rxd8 Rxd8
22. Bxb4 axb4 23. f4 f6 24. f5 Bf7 25. Re2 Rd4 26. Kf3 Kd6 27. Kf4 b5 28. g4 Rd3
29. Rc2 g5+ 30. fxg6 hxg6 31. h4 g5+ 32. hxg5 fxg5+ 33. Kf3 c4 34. Ke2 Ke5 35. bxc4
Kxe4 36. Nd5 Bxd5 37. cxd5 Rxd5 38. Rb2 Rd4 39. Rb3 Kf4 40. a3 bxa3 41. Rxa3 Kxg4
42. Rb3 b4 43. Kf2 Rf4+ 44. Kg2 Kf5  0-1

[Event "28. Offene Internationale Bayerische Schachmeisterschaft"]
[Site "Gmund am Tegernsee"]
[Date "2025.11.03"]
[Round "3"]
[Board "17"]
[White "Stocek, Jiri"]
[Black "Zude, Arno"]
[Result "1-0"]
[WhiteElo "2471"]
[BlackElo "2296"]
[PlyCount "0"]
[EventDate "2025.11.01"]
[EventRounds "9"]
[EventCountry "GER"]

1. e4 e5 2. Nf3 Nc6 3. Bb5 a6 4. Ba4 Nf6 5. O-O d6 6. Re1 Bd7 7. c3 g6 8. d4 Bg7
9. Bg5 O-O 10. Nbd2 h6 11. Bh4 exd4 12. Nxd4 Nxd4 13. cxd4 Bxa4 14. Qxa4 Qd7 15.
Qb3 Rfe8 16. Rad1 Qb5 17. Qc2 Rac8 18. b3 d5 19. e5 Nh7 20. Nf3 Nf8 21. Qd2 Ne6 22.
Bf6 a5 23. h4 a4 24. b4 a3 25. Nh2 Bf8 26. Rb1 Qc4 27. Red1 Ra8 28. Ng4 Kh7 29. h5
g5 30. Ne3 Qb5 31. g3 Ra4 32. Nc2 Bg7 33. Rb3 Rea8 34. Re1 Kg8 35. Ree3 Qd7 36. Rf3
Nf8 37. Bxg7 Kxg7 38. Ne3 R4a6 39. Rc3 Re6 40. Qc1 c6 41. Rxa3 Qd8 42. Rxa8 Qxa8
43. Nf5+ Kg8 44. Nxh6+  1-0

[Event "28. Offene Internationale Bayerische Schachmeisterschaft"]
[Site "Gmund am Tegernsee"]
[Date "2025.11.03"]
[Round "3"]
[Board "18"]
[White "Delitzsch, Juergen"]
[Black "Zelbel, Patrick"]
[Result "1/2-1/2"]
[WhiteElo "2144"]
[BlackElo "2465"]
[PlyCount "0"]
[EventDate "2025.11.01"]
[EventRounds "9"]
[EventCountry "GER"]

1. e4 c5 2. Nf3 d6 3. Bb5+ Nd7 4. Ba4 Ngf6 5. O-O g6 6. Re1 Bg7 7. c4 O-O 8. d4 cxd4
9. Nxd4 Nb6 10. Bb3 Bd7 11. Nc3 Rc8 12. Qd3 Ng4 13. f4 Nxc4 14. Bxc4 Bxd4+ 15. Qxd4
e5 16. Qd3 Rxc4 17. Be3 Qh4 18. h3 Nxe3 19. Rxe3 Rd4 20. Qf1 Qxf4 21. Rf3 Qg5 22.
Rd1 Bc6 23. Rfd3 Rxd3 24. Rxd3 f5 25. Rxd6 fxe4 26. Qc4+ Kh8 27. Qc5 Qf5 28. Nd1
e3 29. Nxe3 Qf2+ 30. Kh2 Qf4+ 31. Kg1 Qf2+ 32. Kh2 Qf4+ 33. Kg1 Re8 34. Rd1 a5 35.
b3 Kg7 36. Rf1 Qd4 37. Qc1 Rf8 38. Rd1 Qf4 39. Qc5 Rf7 40. Ng4 Qe4 41. Qxe5+ Qxe5
42. Nxe5 Rc7 43. Nxc6 bxc6 44. Rd4 Rb7 45. Ra4 Rb5 46. Rc4 Rb6 47. Ra4 Rb5 48. Rc4
Rb6 49. Kf2 Kf7 50. Ra4  1/2-1/2

[Event "28. Offene Internationale Bayerische Schachmeisterschaft"]
[Site "Gmund am Tegernsee"]
[Date "2025.11.03"]
[Round "3"]
[Board "19"]
[White "Kuru, Atilla"]
[Black "Kurmangaliyeva, Liya"]
[Result "1-0"]
[WhiteElo "2435"]
[BlackElo "2287"]
[PlyCount "0"]
[EventDate "2025.11.01"]
[EventRounds "9"]
[EventCountry "GER"]

1. e4 c5 2. Nf3 e6 3. g3 Nc6 4. Bg2 Nf6 5. d3 d5 6. Qe2 Be7 7. a4 b6 8. Na3 Bb7 9.
O-O Rc8 10. Bf4 a6 11. c3 d4 12. h4 O-O 13. Rfd1 h6 14. Nc4 b5 15. axb5 axb5 16.
Nce5 Na5 17. g4 Nb3 18. Ra2 Nh7 19. Ra7 Qb6 20. Ra3 c4 21. Nd7 Qd8 22. Nxf8 Bxf8
23. Ra7 Qb6 24. Rxb7 Qxb7 25. cxd4 Qa7 26. dxc4 bxc4 27. g5 hxg5 28. hxg5 g6 29.
d5 exd5 30. exd5 Bg7 31. Bh3 Rd8 32. Qxc4 Qb7 33. Qc7 Qa8 34. Ne5 Rf8 35. Nxf7 Nd4
36. Rxd4 Bxd4 37. Nh6+ Kh8 38. Be5+ Bxe5 39. Qxe5+ Nf6 40. gxf6 Kh7 41. Ng4  1-0

[Event "28. Offene Internationale Bayerische Schachmeisterschaft"]
[Site "Gmund am Tegernsee"]
[Date "2025.11.03"]
[Round "3"]
[Board "20"]
[White "Parvanyan, Ashot"]
[Black "Ramien, David"]
[Result "1-0"]
[WhiteElo "2428"]
[BlackElo "2231"]
[PlyCount "0"]
[EventDate "2025.11.01"]
[EventRounds "9"]
[EventCountry "GER"]

1. Nf3 Nf6 2. c4 g6 3. Nc3 Bg7 4. e4 d6 5. d4 O-O 6. h3 e5 7. d5 Nh5 8. g3 f5 9.
exf5 gxf5 10. Nh4 Nf4 11. Bd2 a5 12. Qc2 Na6 13. O-O-O Nb4 14. Qb1 Bd7 15. Rg1 Ng6
16. Nxg6 hxg6 17. h4 e4 18. Bf4 a4 19. a3 Na6 20. Kc2 Nc5 21. Qc1 e3 22. Qxe3 Re8
23. Qf3 Ra6 24. Bg5 Qa8 25. h5 Rb6 26. Nb5 f4 27. g4 c6 28. hxg6 Qa5 29. Qxf4 Rf8
30. Qh2 Rf3 31. Rg3 Rxg3 32. Qh7+ Kf8 33. Bf6  1-0

[Event "28. Offene Internationale Bayerische Schachmeisterschaft"]
[Site "Gmund am Tegernsee"]
[Date "2025.11.03"]
[Round "3"]
[Board "21"]
[White "Tabatabaei, M. Amin"]
[Black "Wunderlich, Elias"]
[Result "1-0"]
[WhiteElo "2681"]
[BlackElo "2184"]
[PlyCount "0"]
[EventDate "2025.11.01"]
[EventRounds "9"]
[EventCountry "GER"]

1. d4 Nf6 2. c4 e6 3. Nc3 Bb4 4. e3 O-O 5. Bd3 d5 6. a3 Bxc3+ 7. bxc3 dxc4 8. Bxc4
e5 9. Ne2 b5 10. Bb3 Bb7 11. dxe5 Qxd1+ 12. Bxd1 Nfd7 13. f4 Bxg2 14. Rg1 Bd5 15.
a4 f6 16. e4 Bc4 17. exf6 Nxf6 18. e5 Nd5 19. Nd4 Nd7 20. Bf3 Rae8 21. Bxd5+ Bxd5
22. axb5 Rf7 23. Rxa7 Nc5 24. Be3 Ne4 25. Ra3 h6 26. h4 g5 27. Ra6 Kh7 28. hxg5 hxg5
29. fxg5 Kg7 30. g6 Rff8 31. Bh6+ Kxh6 32. g7+ Kh7 33. gxf8=Q Rxf8 34. Ne6 Rf5 35.
Nxc7 Bc4 36. Rh1+ Kg8 37. Ra8+ Kf7 38. e6+ Ke7 39. Ra4 Re5 40. Rh7+ Kf6 41. Rxc4
Nd6+ 42. Kd2 Nxc4+ 43. Kd3 Nd6 44. c4 Rg5 45. e7 Ke5 46. Rh6 Rg3+ 47. Kc2 Rg2+ 48.
Kb3 Rg3+ 49. Kb4 Kd5  1-0

[Event "28. Offene Internationale Bayerische Schachmeisterschaft"]
[Site "Gmund am Tegernsee"]
[Date "2025.11.03"]
[Round "3"]
[Board "22"]
[White "Kastek, Thomas"]
[Black "Bernhard, Sebastian"]
[Result "1/2-1/2"]
[WhiteElo "2106"]
[BlackElo "1961"]
[PlyCount "0"]
[EventDate "2025.11.01"]
[EventRounds "9"]
[EventCountry "GER"]

1. d4 Nf6 2. Nf3 e6 3. Bf4 c5 4. c3 b6 5. e3 Bb7 6. Nbd2 Be7 7. h3 d6 8. Bd3 Nbd7
9. Qe2 Qc7 10. O-O O-O 11. e4 e5 12. dxe5 dxe5 13. Bh2 Rfe8 14. Ba6 Bf8 15. a4 Bc6
16. Bb5 Bb7 17. Ba6 Bc6 18. Bb5 Bb7  1/2-1/2

[Event "28. Offene Internationale Bayerische Schachmeisterschaft"]
[Site "Gmund am Tegernsee"]
[Date "2025.11.03"]
[Round "3"]
[Board "23"]
[White "Roemhild, Marcus"]
[Black "Salzmann, Peter"]
[Result "1/2-1/2"]
[WhiteElo "1961"]
[BlackElo "2108"]
[PlyCount "0"]
[EventDate "2025.11.01"]
[EventRounds "9"]
[EventCountry "GER"]

1. e4 g6 2. d4 Bg7 3. Nf3 d6 4. c3 Nf6 5. Bd3 c6 6. h3 Qc7 7. Be3 Nbd7 8. O-O e5
9. Re1 O-O 10. Qd2 d5 11. exd5 Nxd5 12. Bh6 exd4 13. Nxd4 Bxh6 14. Qxh6 Qf4 15. Qxf4
Nxf4 16. Bf1 Nc5 17. Re3 Nce6 18. Nxe6 Bxe6 19. Nd2 Rad8 20. Nf3 h6 21. Nd4 Bc8 22.
Rae1 Nd5 23. Re5 Nf6  1/2-1/2

[Event "28. Offene Internationale Bayerische Schachmeisterschaft"]
[Site "Gmund am Tegernsee"]
[Date "2025.11.03"]
[Round "3"]
[Board "24"]
[White "Brixel, Christof"]
[Black "Gohla, Ulf"]
[Result "1-0"]
[WhiteElo "1926"]
[BlackElo "2097"]
[PlyCount "0"]
[EventDate "2025.11.01"]
[EventRounds "9"]
[EventCountry "GER"]

1. e4 e5 2. f4 d5 3. exd5 exf4 4. Nf3 Nf6 5. Bb5+ Bd7 6. Bxd7+ Nbxd7 7. O-O Be7 8.
c4 O-O 9. d4 Nh5 10. Nc3 a5 11. Ne1 g6 12. Nd3 Nb6 13. b3 c6 14. Nxf4 Ng7 15. c5
Nxd5 16. Ncxd5 cxd5 17. Qf3 Ne6 18. Nxd5 Nxd4 19. Qe4 Nc6 20. Bb2 f5 21. Qc4 Rf7
22. Qc3 Bxc5+ 23. Qxc5  1-0

[Event "28. Offene Internationale Bayerische Schachmeisterschaft"]
[Site "Gmund am Tegernsee"]
[Date "2025.11.03"]
[Round "3"]
[Board "25"]
[White "Reinhard, Simon"]
[Black "Merdian, Nick"]
[Result "1/2-1/2"]
[WhiteElo "2097"]
[BlackElo "1904"]
[PlyCount "0"]
[EventDate "2025.11.01"]
[EventRounds "9"]
[EventCountry "GER"]

1. e4 c5 2. Nf3 Nc6 3. c4 d6 4. d4 cxd4 5. Nxd4 Nf6 6. Nc3 e5 7. Nc2 Be6 8. Bg5 Be7
9. Be2 h6 10. Bxf6 Bxf6 11. O-O O-O 12. Qd3 a6 13. Rfd1 Nd4 14. Bf1 Bxc4 15. Qd2
Bg5 16. Ne3 Bxf1 17. Kxf1 f5 18. exf5 Bxe3 19. fxe3 Nxf5 20. Kg1 Qg5 21. Nd5 Kh8
22. Nc7 Qxe3+  1/2-1/2

[Event "28. Offene Internationale Bayerische Schachmeisterschaft"]
[Site "Gmund am Tegernsee"]
[Date "2025.11.03"]
[Round "3"]
[Board "26"]
[White "Lindam, Ingo"]
[Black "Gaertner, Matthias"]
[Result "1-0"]
[WhiteElo "2093"]
[BlackElo "1897"]
[PlyCount "0"]
[EventDate "2025.11.01"]
[EventRounds "9"]
[EventCountry "GER"]

1. d4 d5 2. Nf3 e6 3. c4 Nf6 4. g3 Be7 5. Bg2 O-O 6. O-O dxc4 7. Qc2 a6 8. a4 Nbd7
9. Rd1 c5 10. Na3 Nd5 11. Nxc4 Nb4 12. Qb1 cxd4 13. Rxd4 Bc5 14. Rh4 g6 15. Bh6 Re8
16. Qc1 f6 17. Qd2 Nf8 18. Bxf8 Qxd2 19. Nfxd2 Rxf8 20. Nb3 g5 21. Re4 Be7 22. Nb6
Rb8 23. Nxc8 Rfxc8 24. Rxe6 Kf7 25. Rb6 Rc2 26. Nd4 Rxb2 27. Rc1 Rd8 28. e3 Nd3 29.
Rxb2 Nxb2 30. a5 Rd7 31. Bh3 Rd5 32. Be6+ Rd8 33. Bh3  1-0

[Event "28. Offene Internationale Bayerische Schachmeisterschaft"]
[Site "Gmund am Tegernsee"]
[Date "2025.11.03"]
[Round "3"]
[Board "27"]
[White "Gass, Ulrich"]
[Black "Heinatz, Gundula"]
[Result "1/2-1/2"]
[WhiteElo "1895"]
[BlackElo "2096"]
[PlyCount "0"]
[EventDate "2025.11.01"]
[EventRounds "9"]
[EventCountry "GER"]

1. e4 c6 2. d4 d5 3. e5 Bf5 4. Nf3 e6 5. Be2 Nd7 6. O-O h6 7. c4 dxc4 8. Bxc4 Nb6
9. Bb3 Ne7 10. Nc3 Ned5 11. Qe2 Be7 12. Ne4 Qc7 13. Bd2 g5 14. Ba5 Nf4 15. Qe3 Bxe4
16. Qxe4 Qd7 17. Bxb6 axb6  1/2-1/2

[Event "28. Offene Internationale Bayerische Schachmeisterschaft"]
[Site "Gmund am Tegernsee"]
[Date "2025.11.03"]
[Round "3"]
[Board "28"]
[White "Kyparissopoulos, Spyridon"]
[Black "Auge, Hendrik"]
[Result "1-0"]
[WhiteElo "2092"]
[BlackElo "1886"]
[PlyCount "0"]
[EventDate "2025.11.01"]
[EventRounds "9"]
[EventCountry "GER"]

1. d4 d5 2. c4 e6 3. Nc3 Nf6 4. cxd5 exd5 5. Bg5 Be6 6. e3 Nbd7 7. Bd3 Bd6 8. Qc2
h6 9. Bh4 c6 10. Nge2 O-O 11. Bg3 Qe7 12. O-O Nh5 13. Bxd6 Qxd6 14. b4 a6 15. Na4
b5 16. Nc5 Nxc5 17. Qxc5 Qxc5 18. dxc5 Nf6 19. Nd4 Bd7 20. a4 g6 21. Ra3 Rfc8 22.
Rfa1 Rab8 23. axb5 axb5 24. Ra7 Kf8 25. f3 Be8 26. g4 Nd7 27. f4 Nf6 28. h3 Ng8 29.
Bxg6 Ne7 30. Bd3 Rd8 31. Kf2 Rd7 32. h4 Rxa7 33. Rxa7 Nc8 34. Ra6 Ne7 35. g5 hxg5
36. hxg5 Bd7 37. Ra7 Ke8 38. f5 Nc8 39. Ra6  1-0

[Event "28. Offene Internationale Bayerische Schachmeisterschaft"]
[Site "Gmund am Tegernsee"]
[Date "2025.11.03"]
[Round "3"]
[Board "29"]
[White "Kick, Joachim"]
[Black "Hashagen, Tim"]
[Result "1-0"]
[WhiteElo "2087"]
[BlackElo "1883"]
[PlyCount "0"]
[EventDate "2025.11.01"]
[EventRounds "9"]
[EventCountry "GER"]

1. Nf3 d5 2. d4 c6 3. c4 e6 4. e3 Nf6 5. Nc3 Nbd7 6. Qc2 Bd6 7. Bd3 dxc4 8. Bxc4
b5 9. Bd3 Bb7 10. O-O O-O 11. a3 a5 12. e4 e5 13. dxe5 Nxe5 14. Nxe5 Bxe5 15. h3
Re8 16. Be3 Qe7 17. Ne2 Bc7 18. Bc5 Bd6 19. Bxd6 Qxd6 20. Rad1 Qe7 21. Ng3 g6 22.
Rde1 Nd7 23. Qc1 Nc5 24. Bc2 Rad8 25. e5 b4 26. Nh5 gxh5 27. Qh6 Qe6 28. Bxh7+ Kh8
29. Bg6+ Kg8 30. Qh7+ Kf8 31. Bf5 Qd5 32. Qh8+ Ke7 33. Qf6+ Kf8 34. Qh6+ Ke7 35.
Qg5+ Kf8 36. Qh6+ Ke7 37. Qf6+ Kf8 38. e6 Nxe6 39. Bxe6 Rxe6 40. Rxe6 Qxe6 41. Qxd8+
Kg7 42. Qg5+ Kf8 43. Rd1 f6 44. Qxh5 Qe4 45. Rd8+  1-0

[Event "28. Offene Internationale Bayerische Schachmeisterschaft"]
[Site "Gmund am Tegernsee"]
[Date "2025.11.03"]
[Round "3"]
[Board "30"]
[White "Bossoni, Mario"]
[Black "Juergens, Klaus"]
[Result "0-1"]
[WhiteElo "1878"]
[BlackElo "2086"]
[PlyCount "0"]
[EventDate "2025.11.01"]
[EventRounds "9"]
[EventCountry "GER"]

1. e4 c5 2. d4 cxd4 3. c3 Nf6 4. e5 Nd5 5. Qxd4 e6 6. Bd3 Nc6 7. Qe4 d6 8. exd6 Bxd6
9. Nf3 f5 10. Qe2 O-O 11. O-O Nf4 12. Bxf4 Bxf4 13. Na3 Qf6 14. Rad1 e5 15. Bc2 e4
16. Nd4 Nxd4 17. Rxd4 Be6 18. Nc4 b5 19. Na3 Be5 20. Rdd1 a6 21. Bb3 Bxb3 22. axb3
Rae8 23. g3 Bb8 24. Rd4 Re6 25. Rfd1 Rfe8 26. Nc2 f4 27. Qg4 e3 28. fxe3 fxe3 29.
Rf1 Qe5 30. Qe2 Rf6 31. Rxf6 Qxf6 32. Ne1 Qf2+ 33. Qxf2 exf2+ 34. Kxf2 Ba7 35. Nc2
Kf7 36. Kf1 Bxd4 37. Nxd4 Kf6  0-1